<?xml version="1.0" encoding="UTF-8"?>
<record
    xmlns:xsi="http://www.w3.org/2001/XMLSchema-instance"
    xsi:schemaLocation="http://www.loc.gov/MARC21/slim http://www.loc.gov/standards/marcxml/schema/MARC21slim.xsd"
    xmlns="http://www.loc.gov/MARC21/slim">

  <leader>02720nam a22003377a 4500</leader>
  <controlfield tag="005">20091215143817.0</controlfield>
  <datafield tag="010" ind1=" " ind2=" ">
    <subfield code="a">B-436263-267</subfield>
  </datafield>
  <datafield tag="020" ind1=" " ind2=" ">
    <subfield code="a">9788184791655</subfield>
    <subfield code="c">25.00</subfield>
  </datafield>
  <datafield tag="035" ind1=" " ind2=" ">
    <subfield code="a">B-373709-710</subfield>
  </datafield>
  <datafield tag="035" ind1=" " ind2=" ">
    <subfield code="a">B-436263-267</subfield>
  </datafield>
  <datafield tag="037" ind1=" " ind2=" ">
    <subfield code="b">&#x92A;&#x94D;&#x930;&#x925;&#x92E; &#x92C;&#x941;&#x915;&#x94D;&#x938;/ PUB</subfield>
  </datafield>
  <datafield tag="037" ind1=" " ind2=" ">
    <subfield code="b">&#x92C;&#x94D;&#x932;&#x94D;&#x92F;&#x942;&#x92C;&#x947;&#x930;&#x940; &#x92C;&#x941;&#x915;&#x94D;&#x938;</subfield>
  </datafield>
  <datafield tag="082" ind1=" " ind2=" ">
    <subfield code="a">&#x915;</subfield>
  </datafield>
  <datafield tag="100" ind1=" " ind2=" ">
    <subfield code="a">&#x938;&#x947;&#x928;, &#x92C;&#x947;&#x928;&#x940;&#x924;&#x93E;</subfield>
    <subfield code="9">31199</subfield>
  </datafield>
  <datafield tag="245" ind1=" " ind2=" ">
    <subfield code="a">&#x92F;&#x93E;&#x915;&#x93F;&#x91F;&#x940; &#x92F;&#x93E;&#x915; /</subfield>
    <subfield code="c">&#x92C;&#x947;&#x928;&#x940;&#x924;&#x93E; &#x938;&#x947;&#x928;;&#x92C;&#x93E;&#x930;&#x93E;&#x928; &#x907;&#x91C;&#x932;&#x93E;&#x932;&#x93E; &#x926;&#x94D;&#x935;&#x93E;&#x930;&#x93E; &#x91A;&#x93F;&#x924;&#x94D;&#x930;&#x93E;&#x902;&#x915;&#x93F;&#x924;; &#x90B;&#x924;&#x941; &#x938;&#x93F;&#x902;&#x939; &#x926;&#x94D;&#x935;&#x93E;&#x930;&#x93E; &#x939;&#x93F;&#x928;&#x94D;&#x926;&#x940; &#x92E;&#x947;&#x902; &#x905;&#x928;&#x941;&#x926;&#x93F;&#x924;</subfield>
  </datafield>
  <datafield tag="246" ind1=" " ind2=" ">
    <subfield code="a">Yakity Yak </subfield>
    <subfield code="b">by Benita Sen</subfield>
  </datafield>
  <datafield tag="260" ind1=" " ind2=" ">
    <subfield code="a">&#x928;&#x908; &#x926;&#x93F;&#x932;&#x94D;&#x932;&#x940;</subfield>
    <subfield code="b">&#x92A;&#x94D;&#x930;&#x925;&#x92E; &#x92C;&#x941;&#x915;&#x94D;&#x938;</subfield>
    <subfield code="c">2009</subfield>
  </datafield>
  <datafield tag="270" ind1=" " ind2=" ">
    <subfield code="b">&#x928;&#x908; &#x926;&#x93F;&#x932;&#x94D;&#x932;&#x940;</subfield>
    <subfield code="k">011-65684113</subfield>
    <subfield code="m">www.prathambooks.org</subfield>
  </datafield>
  <datafield tag="300" ind1=" " ind2=" ">
    <subfield code="a">16&#x92A;&#x943;.</subfield>
    <subfield code="c">18&#x938;&#x947;&#x92E;&#x940; (&#x905;&#x91C;&#x93F;&#x932;&#x94D;&#x926;)</subfield>
    <subfield code="b">&#x938;&#x91A;&#x93F;&#x924;&#x94D;&#x930;</subfield>
  </datafield>
  <datafield tag="700" ind1=" " ind2=" ">
    <subfield code="a">&#x938;&#x93F;&#x902;&#x939;, &#x90B;&#x924;&#x941;</subfield>
    <subfield code="9">15991</subfield>
  </datafield>
  <datafield tag="700" ind1=" " ind2=" ">
    <subfield code="a">&#x907;&#x91C;&#x932;&#x93E;&#x932;&#x93E;, &#x92C;&#x93E;&#x930;&#x93E;&#x928; </subfield>
    <subfield code="9">29066</subfield>
  </datafield>
  <datafield tag="942" ind1=" " ind2=" ">
    <subfield code="2">ddc</subfield>
    <subfield code="c">CH</subfield>
    <subfield code="m">&#x938;&#x947;&#x928;&#x92C;&#x947;</subfield>
    <subfield code="h">&#x915;</subfield>
  </datafield>
  <datafield tag="999" ind1=" " ind2=" ">
    <subfield code="c">32913</subfield>
    <subfield code="d">32913</subfield>
  </datafield>
  <datafield tag="952" ind1=" " ind2=" ">
    <subfield code="0">0</subfield>
    <subfield code="1">5</subfield>
    <subfield code="4">0</subfield>
    <subfield code="7">0</subfield>
    <subfield code="8">FIC</subfield>
    <subfield code="a">JP</subfield>
    <subfield code="b">JP</subfield>
    <subfield code="d">2010-08-21</subfield>
    <subfield code="e">&#x92A;&#x94D;&#x930;&#x925;&#x92E; &#x92C;&#x941;&#x915;&#x94D;&#x938;/13953/27.01.10/302/16.01.10/11.02.10</subfield>
    <subfield code="g">25.00</subfield>
    <subfield code="l">3</subfield>
    <subfield code="o">&#x915; &#x938;&#x947;&#x928;&#x92C;&#x947;</subfield>
    <subfield code="p">B-373709</subfield>
    <subfield code="r">2018-06-28 00:00:00</subfield>
    <subfield code="s">2010-09-17</subfield>
    <subfield code="t">1</subfield>
    <subfield code="v">25.00</subfield>
    <subfield code="y">CH</subfield>
  </datafield>
  <datafield tag="952" ind1=" " ind2=" ">
    <subfield code="0">0</subfield>
    <subfield code="1">5</subfield>
    <subfield code="4">0</subfield>
    <subfield code="7">0</subfield>
    <subfield code="8">FIC</subfield>
    <subfield code="a">VP</subfield>
    <subfield code="b">VP</subfield>
    <subfield code="d">2010-08-21</subfield>
    <subfield code="e">&#x92A;&#x94D;&#x930;&#x925;&#x92E; &#x92C;&#x941;&#x915;&#x94D;&#x938;/13953/27.01.10/302/16.01.10/11.02.10</subfield>
    <subfield code="g">25.00</subfield>
    <subfield code="l">2</subfield>
    <subfield code="o">&#x915; &#x938;&#x947;&#x928;&#x92C;&#x947;</subfield>
    <subfield code="p">B-373710</subfield>
    <subfield code="r">2010-11-02 00:00:00</subfield>
    <subfield code="s">2010-10-23</subfield>
    <subfield code="t">1</subfield>
    <subfield code="v">25.00</subfield>
    <subfield code="y">CH</subfield>
  </datafield>
  <datafield tag="952" ind1=" " ind2=" ">
    <subfield code="0">0</subfield>
    <subfield code="1">0</subfield>
    <subfield code="4">0</subfield>
    <subfield code="7">0</subfield>
    <subfield code="8">FIC</subfield>
    <subfield code="a">L</subfield>
    <subfield code="b">L</subfield>
    <subfield code="d">2011-08-04</subfield>
    <subfield code="e">&#x92C;&#x94D;&#x932;&#x92F;&#x942;&#x92C;&#x947;&#x930;&#x940; /6364/25.3.2011/83/21.3.11/31.3.11 </subfield>
    <subfield code="g">25.00</subfield>
    <subfield code="l">1</subfield>
    <subfield code="o">&#x915; &#x938;&#x947;&#x928;&#x92C;&#x947;</subfield>
    <subfield code="p">B-436263</subfield>
    <subfield code="r">2017-07-11 00:00:00</subfield>
    <subfield code="s">2017-06-27</subfield>
    <subfield code="t">1</subfield>
    <subfield code="v">25.00</subfield>
    <subfield code="w">2011-08-04</subfield>
    <subfield code="y">CH</subfield>
  </datafield>
  <datafield tag="952" ind1=" " ind2=" ">
    <subfield code="0">0</subfield>
    <subfield code="1">0</subfield>
    <subfield code="4">0</subfield>
    <subfield code="7">0</subfield>
    <subfield code="8">FIC</subfield>
    <subfield code="a">BL1</subfield>
    <subfield code="b">BL1</subfield>
    <subfield code="d">2011-08-04</subfield>
    <subfield code="e">&#x92C;&#x94D;&#x932;&#x92F;&#x942;&#x92C;&#x947;&#x930;&#x940; /6364/25.3.2011/83/21.3.11/31.3.11 </subfield>
    <subfield code="g">25.00</subfield>
    <subfield code="l">0</subfield>
    <subfield code="o">&#x915; &#x938;&#x947;&#x928;&#x92C;&#x947;</subfield>
    <subfield code="p">B-436264</subfield>
    <subfield code="r">2011-08-04 00:00:00</subfield>
    <subfield code="t">1</subfield>
    <subfield code="v">25.00</subfield>
    <subfield code="w">2011-08-04</subfield>
    <subfield code="y">CH</subfield>
  </datafield>
  <datafield tag="952" ind1=" " ind2=" ">
    <subfield code="0">0</subfield>
    <subfield code="1">0</subfield>
    <subfield code="4">0</subfield>
    <subfield code="7">0</subfield>
    <subfield code="8">FIC</subfield>
    <subfield code="a">ZLS</subfield>
    <subfield code="b">ZLS</subfield>
    <subfield code="d">2011-08-04</subfield>
    <subfield code="e">&#x92C;&#x94D;&#x932;&#x92F;&#x942;&#x92C;&#x947;&#x930;&#x940; /6364/25.3.2011/83/21.3.11/31.3.11 </subfield>
    <subfield code="g">25.00</subfield>
    <subfield code="l">1</subfield>
    <subfield code="o">&#x915; &#x938;&#x947;&#x928;&#x92C;&#x947;</subfield>
    <subfield code="p">B-436265</subfield>
    <subfield code="r">2019-04-15 00:00:00</subfield>
    <subfield code="s">2019-04-14</subfield>
    <subfield code="t">1</subfield>
    <subfield code="v">25.00</subfield>
    <subfield code="w">2011-08-04</subfield>
    <subfield code="y">CH</subfield>
  </datafield>
  <datafield tag="952" ind1=" " ind2=" ">
    <subfield code="0">0</subfield>
    <subfield code="1">0</subfield>
    <subfield code="4">0</subfield>
    <subfield code="7">0</subfield>
    <subfield code="8">FIC</subfield>
    <subfield code="a">BN</subfield>
    <subfield code="b">BN</subfield>
    <subfield code="d">2011-08-04</subfield>
    <subfield code="e">&#x92C;&#x94D;&#x932;&#x92F;&#x942;&#x92C;&#x947;&#x930;&#x940; /6364/25.3.2011/83/21.3.11/31.3.11 </subfield>
    <subfield code="g">25.00</subfield>
    <subfield code="l">1</subfield>
    <subfield code="o">&#x915; &#x938;&#x947;&#x928;&#x92C;&#x947;</subfield>
    <subfield code="p">B-436266</subfield>
    <subfield code="r">2023-02-15 00:00:00</subfield>
    <subfield code="s">2023-02-10</subfield>
    <subfield code="t">1</subfield>
    <subfield code="v">25.00</subfield>
    <subfield code="y">CH</subfield>
  </datafield>
  <datafield tag="952" ind1=" " ind2=" ">
    <subfield code="0">0</subfield>
    <subfield code="1">0</subfield>
    <subfield code="4">0</subfield>
    <subfield code="7">0</subfield>
    <subfield code="8">FIC</subfield>
    <subfield code="a">BL4</subfield>
    <subfield code="b">BL4</subfield>
    <subfield code="d">2011-08-04</subfield>
    <subfield code="e">&#x92C;&#x94D;&#x932;&#x92F;&#x942;&#x92C;&#x947;&#x930;&#x940; /6364/25.3.2011/83/21.3.11/31.3.11 </subfield>
    <subfield code="g">25.00</subfield>
    <subfield code="l">0</subfield>
    <subfield code="o">&#x915; &#x938;&#x947;&#x928;&#x92C;&#x947;</subfield>
    <subfield code="p">B-436267</subfield>
    <subfield code="r">2011-08-04 00:00:00</subfield>
    <subfield code="t">1</subfield>
    <subfield code="v">25.00</subfield>
    <subfield code="w">2011-08-04</subfield>
    <subfield code="y">CH</subfield>
  </datafield>
</record>
